000 00325nam a22001457a 4500
008 210312b ||||| |||| 00| 0 eng d
020 _a0632023961
041 _aeng
080 _25th
_a616.5
082 _25th
_a616.5
100 _a7
101 _aDER
245 _aTextbook of Dermatology
_cChampion,H.R
942 _2udc
_cBK
999 _c56610
_d56610